Nuevos enfoques en lógica algebraica /
Guardado en:
| Autor Corporativo: | |
|---|---|
| Otros Autores: | , |
| Formato: | Manuscrito |
| Idioma: | Spanish |
| Publicado: |
2003.
|
| Materias: | |
| Etiquetas: |
Agregar Etiqueta
Sin Etiquetas, Sea el primero en etiquetar este registro!
|
| LEADER | 00959ntm a22002535a 4500 | ||
|---|---|---|---|
| 001 | MAT.inmabb007009 | ||
| 008 | 040528s2003####ag#######bm###000#0#spa#d | ||
| 005 | 20150506091249.0 | ||
| 245 | 1 | 0 | |a Nuevos enfoques en lógica algebraica / |c Manuel M. Fidel. |
| 260 | |c 2003. | ||
| 300 | |a 196 p. ; |c 29 cm. | ||
| 502 | |a Tesis (doctoral)--Universidad Nacional del Sur. Departamento de Matemática, 2004. | ||
| 500 | |a Director de tesis: Aldo V. Figallo | ||
| 504 | |a Incluye referencias bibliográficas: p.187-196 | ||
| 100 | 1 | |a Fidel, Manuel M. |4 dis | |
| 700 | 1 | |a Figallo, Aldo V. |q (Aldo Victorio) |4 ths | |
| 710 | 2 | |a Universidad Nacional del Sur. |e Departamento de Matemática |4 dgg. | |
| 082 | 0 | 4 | |a 040 |2 15 |
| 082 | 0 | 4 | |a 512 |2 19 |
| 650 | 7 | |a Matemáticas. |2 unbist | |
| 650 | 7 | |a Álgebra |2 unbist | |
| 653 | |a Lógica matemática | ||
| 859 | |a Ar-BaUNS |b BIB. MATEMATICA |h 040 |i B148 2004-634 |k R |p 114386/004 | ||
| 859 | |a Ar-BaUNS |b BIB. MATEMATICA |h 040 |i B148 2004-634 |p 114387/004 | ||
